| 000 | 01196cam a22003494a 4500 | ||
|---|---|---|---|
| 001 | 12665455 | ||
| 003 | OSt | ||
| 005 | 20140310182059.0 | ||
| 008 | 020201s2002 nyua c b 001 0 eng | ||
| 010 | _a 2002001744 | ||
| 020 | _a0823961125 (library binding) | ||
| 040 |
_aDLC _cDLC _dDLC |
||
| 042 |
_apcc _alcac |
||
| 050 | 0 | 0 |
_aTK 685.7 _b.C44 2002 |
| 082 | 0 | 0 |
_aHS 629.133 _bC32 2002 |
| 100 | 1 |
_aCefrey, Holly. _910215 |
|
| 245 | 1 | 0 |
_aSuper jumbo jets : _binside and out / _cHolly Cefrey. |
| 250 | _a1st ed. | ||
| 260 |
_aNew York : _bPowerPlus Books, _cc2002. |
||
| 300 |
_a47 p. : _bill. (some col.) ; _c30 cm. |
||
| 440 | 0 |
_aTechnology--blueprints of the future _99848 |
|
| 500 | _aIncludes bibliographical references (p. 46) and index. | ||
| 650 | 0 |
_aJet transports _vJuvenile literature. _912579 |
|
| 650 | 1 |
_aJet transports. _912580 |
|
| 700 | 1 |
_aBartolozzi, Alessandro. _912581 |
|
| 700 | 1 |
_aCalvetti, Leonello. _99850 |
|
| 700 | 1 |
_aCecchi, Lorenzo. _912582 |
|
| 906 |
_a7 _bcbc _corignew _d1 _eecip _f20 _gy-gencatlg |
||
| 942 |
_2lcc _cHS |
||
| 999 |
_c9146 _d9146 |
||